| 000 | 00432nam a2200193Ia 4500 | ||
|---|---|---|---|
| 008 | 210210b1961 xxu||||| |||| 00| 0 eng d | ||
| 041 | _aeng | ||
| 082 | _a331/10 | ||
| 100 | _aBASU (S K) | ||
| 245 | _aSurvey of contemporary banking trends | ||
| 260 |
_aCalcutta _b- _c1961 |
||
| 650 | _atrends | ||
| 650 | _aSurvey | ||
| 650 | _aof | ||
| 650 | _acontemporary | ||
| 650 | _abanking | ||
| 690 | _aBanking | ||
| 906 | _a003912 | ||
| 999 |
_c121714 _d121714 |
||